[Event "2a. Categoria 2005"]
[Site "?"]
[Date "2005.??.??"]
[Round "?"]
[White "Romero F., Luis"]
[Black "Farias M., Hernan"]
[Result "1/2-1/2"]
[WhiteElo "1575"]
[BlackElo "1637"]
[PlyCount "73"]

1. e4 e5 2. Nf3 d6 3. Bc4 Be7 4. Nc3 Nf6 5. d3 O-O 6. h3 Bd7 7. Bg5 Nc6 8. Qd2
Na5 9. Bd5 h6 10. Bh4 c6 11. Bxf6 Bxf6 12. Bc4 Nxc4 13. dxc4 Be7 14. c5 dxc5
15. Nxe5 Be6 16. O-O-O Qc7 17. Ng4 17... Bg5 $2 18. Ne3 Rad8 19. Qe2 Qa5 20.
Kb1 Bf6 21. Rxd8 Rxd8 22. Rd1 b5 23. Rxd8+ Qxd8 24. Ned1 Bd4 25. Qd3 Qa5 26. a3
Bc4 27. Qd2 Qb6 28. Ne3 Be6 29. Ne2 Bf6 30. Nf4 Bc8 31. Nh5 Bd4 32. c3 Bxe3 33.
Qxe3 Qd8 34. Kc2 Qe7 35. f3 a5 36. Qd2 Kh7 37. Nf4 1/2-1/2

[Event "2a. Categoria 2005"]
[Site "?"]
[Date "2005.??.??"]
[Round "?"]
[White "Espinoza V., Dagoberto"]
[Black "Zerega R., Manuel"]
[Result "0-1"]
[WhiteElo "1758"]
[BlackElo "1757"]
[PlyCount "74"]

1. d4 e6 2. c4 Nf6 3. Nf3 d5 4. Bg5 Be7 5. Nc3 c6 6. e3 Ne4 7. Bxe7 Qxe7 8.
cxd5 exd5 9. Bd3 Bf5 10. Qc2 Nd7 11. Nd2 Ndf6 12. O-O-O Nxd2 13. Qxd2 Bxd3 14.
Qxd3 O-O-O 15. h3 Ne4 16. Qc2 f6 17. Kb1 Kb8 18. Rc1 Rc8 19. Rhe1 Rhe8 20. Qe2
Qb4 21. Qc2 Rc7 22. Rf1 Nxc3+ 23. Qxc3 Qxc3 24. Rxc3 c5 25. a3 h5 26. f4 Rec8
27. dxc5 Rxc5 28. Rxc5 Rxc5 29. Rc1 b6 30. b4 Rxc1+ 31. Kxc1 Kc7 32. Kc2 Kd6
33. a4 Ke6 34. Kd3 h4 35. Kc3 Kf5 36. Kd3 a5 37. Kc3 Ke4 0-1

[Event "2a. Categoria 2005"]
[Site "?"]
[Date "2005.??.??"]
[Round "?"]
[White "Montenegro B., Manuel"]
[Black "Torres E., Rodolfo"]
[Result "0-1"]
[WhiteElo "1718"]
[BlackElo "1759"]
[PlyCount "152"]

1. d4 Nf6 2. c4 e5 3. e3 exd4 4. exd4 d5 5. Nf3 Bg4 6. Bg5 Be7 7. Nc3 c6 8. Be2
O-O 9. O-O dxc4 10. Bxc4 Bxf3 11. gxf3 Nbd7 12. Bf4 Nb6 13. Bb3 Qd7 14. Qd2
Rad8 15. Rad1 Nbd5 16. Nxd5 Nxd5 17. Be3 Qh3 18. f4 Rd6 19. Bxd5 Rxd5 20. f3
Rfd8 21. Qf2 Bf6 22. Rd2 Bh4 23. Qg2 Qe6 24. Rd3 Qf5 25. Qd2 R8d6 26. Kh1 Rg6
27. Rg1 Qh5 28. Rxg6 Qxg6 29. Qe2 Qe6 30. Qd2 Rh5 31. Qg2 Qxa2 32. Qg4 Qb1+ 33.
Bg1 g6 34. Rd2 Be1 35. Qc8+ Kg7 36. Re2 Bg3 37. Qg4 37... Qd1 $2 38. Rg2 $1
38... Rxh2+ 39. Rxh2 Bxh2 40. Kxh2 Qd2+ 41. Kh3 Qxb2 42. f5 Qc2 43. fxg6 hxg6
44. Be3 Qf5 45. Qxf5 gxf5 46. Kg3 Kf6 47. Kf4 Ke6 48. Bd2 b6 49. Ke3 a5 50. Kd3
Kd5 51. f4 a4 52. Bb4 b5 53. Bc5 Ke6 54. Ke3 Kf6 55. Kf3 Kg6 56. Kg3 Kh5 57.
Kf3 Kh4 58. Be7+ Kh3 59. Bd6 Kh2 60. Bc5 Kh3 61. Bd6 Kh4 62. Bc5 Kh5 63. Bd6
Kg6 64. Bc5 Kf6 65. Ke3 Ke6 66. Kd3 f6 67. Ke3 Kd5 68. Kd3 Ke6 69. Ke3 Kd5 70.
Bb4 $2 70... Kc4 71. Be7 b4 72. Bxf6 b3 73. d5 cxd5 74. Ba1 a3 75. Kd2 Kb4 76.
Bc3+ Ka4 0-1

[Event "2a. Categoria 2005"]
[Site "?"]
[Date "2005.??.??"]
[Round "?"]
[White "Farias M., Hernan"]
[Black "Castillo F., Jenaro"]
[Result "0-1"]
[WhiteElo "1637"]
[BlackElo "1574"]
[PlyCount "78"]

1. e4 c5 2. d3 Nc6 3. g3 d6 4. Bg2 Nf6 5. Nc3 a6 6. Nf3 Bg4 7. Ne2 e6 8. O-O
Be7 9. Qe1 O-O 10. Be3 Nd7 11. a3 Kh8 12. Rb1 f5 13. Nc3 fxe4 14. Nd2 exd3 15.
cxd3 Qc7 16. Nce4 Nde5 17. f3 Bh5 18. Qe2 Rac8 19. Ng5 Qd7 20. Nh3 Nd4 21. Bxd4
cxd4 22. Nf4 Bf7 23. Qe4 Rc7 24. Rf2 Nc6 25. Bh3 Ne5 26. Nd5 $2 26... Bg6 27.
Qe1 Nxd3 28. Bxe6 Qd8 29. Qe2 Nxf2 30. Qxf2 30... d3 $2 31. Qe3 $2 31... Bf6
32. Nxf6 $2 32... Qxf6 33. Kg2 Rc2 34. Kg1 Rxd2 35. Qxd2 Qxe6 36. Re1 Qd5 37.
Re3 Rxf3 38. Qg2 Be4 39. Qxf3 $4 39... Bxf3 0-1

[Event "2a. Categoria 2005"]
[Site "?"]
[Date "2005.??.??"]
[Round "?"]
[White "Castillo F., Jenaro"]
[Black "Velasco B., Carlos"]
[Result "0-1"]
[WhiteElo "1574"]
[BlackElo "1695"]
[PlyCount "82"]

1. d4 c6 2. c4 e6 3. Nf3 Ne7 4. Bg5 f6 5. Bh4 Ng6 6. Bg3 Be7 7. e3 d6 8. Bd3 f5
9. Qc2 O-O 10. O-O Nd7 11. Nc3 d5 12. cxd5 cxd5 13. Rac1 a6 14. Ne2 Nf6 15. Nf4
Nxf4 16. Bxf4 Bd7 17. Qc7 Qxc7 18. Rxc7 Bd8 19. Rxb7 Bc6 20. Rb3 Nd7 21. Rc1
Ba4 22. Rbc3 h6 23. b3 Bb5 24. Bxb5 axb5 25. R1c2 g5 26. Bd6 Re8 27. Rc8 Bb6
28. R8c6 Bd8 29. Ne5 Nxe5 30. Bxe5 Kf7 31. Rc8 Be7 32. Rxe8 Kxe8 33. g3 Kd8 34.
Rc6 Kd7 35. Rc7+ Kd8 36. Rc6 Rxa2 37. Bc7+ $2 37... Kd7 38. Rd6+ $4 38... Kxc7
$2 39. Rxe6 Kd7 40. Re5 Kd6 41. Rxf5 Ke6 0-1

[Event "2a. Categoria 2005"]
[Site "?"]
[Date "2005.??.??"]
[Round "?"]
[White "Velasco B., Carlos"]
[Black "Iocco B., Pablo"]
[Result "1-0"]
[WhiteElo "1695"]
[BlackElo "1762"]
[PlyCount "129"]

1. e4 e5 2. Bc4 Bc5 3. Nf3 Nc6 4. d3 h6 5. h3 Nf6 6. Qe2 O-O 7. c3 d5 8. exd5
Nxd5 9. O-O Re8 10. Nbd2 a6 11. Ne4 Ba7 12. Nh2 b5 13. Bb3 Nf6 14. Be3 Na5 15.
Bc2 Bb7 16. Rad1 Nd5 17. Bxa7 Rxa7 18. Qf3 Nf4 19. Qe3 Ra8 20. b4 Nc6 21. f3 a5
22. a3 axb4 23. axb4 Ra2 24. Rd2 Ne6 25. Rfd1 Qe7 26. Nf1 Rea8 27. Bb3 Rxd2 28.
Qxd2 Nf4 29. Ne3 Qd8 30. Kh2 Ne7 31. g3 Nfd5 32. Nc5 Bc6 33. Ng4 Ng6 34. Re1
Qe7 35. f4 Nb6 36. Nxe5 Nxe5 37. Rxe5 Qf6 38. Ne4 Bxe4 39. dxe4 c6 40. Rf5 Qd8
41. Qe2 Ra7 42. h4 Rd7 43. Kh3 g6 44. Rc5 Rd2 45. Qg4 Kf8 46. Rxc6 h5 47. Qg5
Qd7+ 48. f5 Qxc6 49. Qxd2 Nc4 50. Bxc4 Qxc4 51. fxg6 fxg6 52. Qd6+ Kf7 53. Qf4+
Ke6 54. Qf3 Kd6 55. Qf6+ Kc7 56. Qe5+ Kc6 57. Qe8+ Kd6 58. Qxg6+ Ke7 59. Qg5+
Kd6 60. Qf6+ Kc7 61. Qe7+ Kc6 62. Qe8+ Kb6 63. Qb8+ Ka6 64. Qd6+ Kb7 65. Qd5+
1-0

[Event "2a. Categoria 2005"]
[Site "?"]
[Date "2005.??.??"]
[Round "?"]
[White "Rosales D., Duncan"]
[Black "Munoz C., Pedro"]
[Result "0-1"]
[WhiteElo "1640"]
[BlackElo "1778"]
[PlyCount "78"]

1. e4 e5 2. Nf3 Nc6 3. Bc4 Bc5 4. Nc3 Nf6 5. O-O O-O 6. b3 a6 7. Bb2 d6 8. Rc1
Bg4 9. Be2 h6 10. d3 Bxf3 11. Bxf3 Nd4 12. Bg4 Nxg4 13. Qxg4 c6 14. Ne2 Qc8 15.
Qxc8 $2 15... Nxe2+ 16. Kh1 Raxc8 17. Rce1 Nd4 18. Bxd4 Bxd4 19. f4 exf4 20.
Rxf4 Rce8 21. g4 Re6 22. g5 Kh7 23. h4 hxg5 24. hxg5 g6 25. Rg4 Kg7 26. Rf1
Rh8+ 27. Kg2 Rh5 28. Rf3 Re5 29. Rfg3 Bc3 30. Kf3 Bd2 31. Rg2 Bc1 32. R4g3
Rhxg5 33. d4 Rxg3+ 34. Rxg3 Rh5 35. Ke2 Bb2 36. Kd3 g5 37. c3 f6 38. Rg2 Bc1
39. c4 Bf4 0-1

[Event "2a. Categoria 2005"]
[Site "?"]
[Date "2005.??.??"]
[Round "?"]
[White "Rosales V., Claudio"]
[Black "Espinoza V., Dagoberto"]
[Result "1-0"]
[WhiteElo "1739"]
[BlackElo "1758"]
[PlyCount "71"]

1. e4 c5 2. f4 d6 3. Nf3 Nc6 4. Bb5 Bd7 5. O-O a6 6. Be2 Nf6 7. e5 dxe5 8. Nxe5
Nxe5 9. fxe5 Nd5 10. Bc4 Be6 11. Qf3 b5 12. Bd3 Rc8 13. Be4 g6 14. Nc3 Nb6 15.
Bb7 Rb8 16. Bxa6 Qd4+ 17. Kh1 Qxe5 18. Bxb5+ Nd7 19. Bxd7+ Kxd7 20. d4 20...
Qf5 $2 21. d5 Qxf3 22. dxe6+ Kxe6 23. Rxf3 Bg7 24. b3 Rhd8 25. Bf4 Rb4 26. Re1+
Kd7 27. Nd5 Rd4 28. Nb6+ Kc6 29. Na4 Rd1 30. Rff1 R1d5 31. Rxe7 R8d7 32. Rxd7
Rxd7 33. Re1 f5 34. h3 Bf8 35. c4 h6 36. Re6+ 1-0

[Event "2a. Categoria 2005"]
[Site "?"]
[Date "2005.??.??"]
[Round "?"]
[White "Retamales P., Esmir"]
[Black "Guerra M., Simon"]
[Result "0-1"]
[WhiteElo "1382"]
[BlackElo "1639"]
[PlyCount "58"]

1. e4 e5 2. Nf3 Nc6 3. Bb5 d6 4. O-O Nf6 5. Re1 Bd7 6. d3 Be7 7. Bg5 O-O 8.
Nbd2 a6 9. Ba4 b5 10. Bb3 Na5 11. c3 Nxb3 12. Qxb3 Be6 13. Qc2 h6 14. Bh4 Nh7
15. Bxe7 Qxe7 16. Nf1 f5 17. exf5 Bxf5 18. Ng3 Bg4 19. Nd2 d5 20. f3 Bd7 21. d4
Qf6 22. Rxe5 c6 23. Rae1 Rae8 24. Rxe8 Rxe8 25. Rxe8+ Bxe8 26. Nb3 Qf4 27. Kf2
27... Nf6 $1 28. Nc5 $2 28... Ng4+ 29. Ke2 Qe3+ 0-1

[Event "2a. Categoria 2005"]
[Site "?"]
[Date "2005.??.??"]
[Round "?"]
[White "Torres E., Rodolfo"]
[Black "Velasco B., Carlos"]
[Result "1-0"]
[WhiteElo "1759"]
[BlackElo "1695"]
[PlyCount "75"]

1. e4 e5 2. Nf3 Nc6 3. Bb5 d6 4. h3 Bd7 5. c3 Nge7 6. d4 exd4 7. cxd4 Ng6 8.
Nc3 Nce7 9. Bc4 h6 10. Qb3 Be6 11. Bxe6 fxe6 12. Qxe6 Qd7 13. Qb3 c6 14. Be3 a6
15. O-O Rc8 16. Rac1 b5 17. e5 d5 18. a4 Nf5 19. Qc2 b4 20. Nd1 Be7 21. Qd3 a5
22. g4 Nfh4 23. Nxh4 Nxh4 24. f4 O-O 25. f5 h5 26. e6 Qd8 27. Bf4 hxg4 28. hxg4
Bg5 29. Qe3 Be7 30. Nf2 g6 31. Bh6 Re8 32. Nd3 g5 33. Ne5 c5 34. Nf7 cxd4 35.
Rxc8 dxe3 36. Rxd8 36... e2 $4 37. Rxe8+ Kh7 38. Rh8# 1-0

[Event "2a. Categoria 2005"]
[Site "?"]
[Date "2005.??.??"]
[Round "?"]
[White "Castillo F., Jenaro"]
[Black "Arevalo S., Felipe"]
[Result "0-1"]
[WhiteElo "1574"]
[BlackElo "1578"]
[PlyCount "74"]

1. d4 d5 2. c4 c6 3. Nf3 Nf6 4. Bg5 Nbd7 5. e3 e6 6. Bd3 Bb4+ 7. Nc3 Qa5 8. Qc2
Ne4 9. O-O Bxc3 10. bxc3 10... Qxc3 $2 11. Bxe4 Qxc4 12. Qxc4 dxc4 13. Rfc1 f5
14. Bc2 b5 15. Bf4 O-O 16. Bd6 Rf7 17. Rab1 a5 18. a4 $2 18... b4 19. Ng5 Rf6
20. Bd1 c3 21. Be2 h6 22. Nf3 Nb6 23. Bd1 Ba6 24. Ne5 Bc4 25. Be7 Ba2 26. Ra1
$2 26... b3 27. Bxf6 b2 28. Be7 Nd5 29. Bd6 Nb4 30. Bxb4 axb4 31. Nxc6 $2 31...
b3 32. a5 Ra6 33. Nb4 bxa1=Q 34. Rxa1 b2 35. Nc2 bxa1=Q 36. Nxa1 Rxa5 37. Kf1
$2 37... Bc4+ 0-1

[Event "2a. Categoria 2005"]
[Site "?"]
[Date "2005.??.??"]
[Round "?"]
[White "Munoz C., Pedro"]
[Black "Guerra M., Simon"]
[Result "1-0"]
[WhiteElo "1778"]
[BlackElo "1639"]
[PlyCount "45"]

1. e4 e5 2. f4 exf4 3. Nf3 d6 4. Bc4 Be7 5. O-O Nf6 6. Nc3 O-O 7. d4 Be6 8. Bd3
Bg4 9. Bxf4 Nbd7 10. Qd2 c6 11. Rae1 Nh5 12. Be3 Bxf3 13. Rxf3 c5 14. Rh3 g6
15. Bc4 Bf6 16. Rf1 cxd4 17. Bxd4 Bxd4+ 18. Qxd4 Ne5 19. Bb3 Qe7 20. Nd5 Qg5
21. c3 21... Ng7 $4 22. Nf6+ Kh8 23. Rxh7# 1-0

[Event "2a. Categoria 2005"]
[Site "?"]
[Date "2005.??.??"]
[Round "?"]
[White "Retamales P., Esmir"]
[Black "Romero F., Luis"]
[Result "0-1"]
[WhiteElo "1382"]
[BlackElo "1575"]
[PlyCount "96"]

1. e4 e5 2. Nf3 Nc6 3. Bb5 a6 4. Ba4 b5 5. Bb3 Na5 6. c3 Nxb3 7. Qxb3 d6 8. O-O
Be6 9. Qc2 Be7 10. d3 Nf6 11. Nbd2 O-O 12. Re1 Qd7 13. Nf1 h6 14. Ng3 Nh7 15.
Be3 Bg4 16. Qe2 Bh4 17. d4 Bxg3 18. fxg3 f6 19. Qf2 c5 20. dxc5 dxc5 21. Bxc5
Rf7 22. Rad1 Qc6 23. Rd6 Qc7 24. Red1 Rc8 25. b4 Rd7 26. Bb6 Qb7 27. Rxd7 Bxd7
28. Rd3 Bg4 29. Qe3 Ng5 30. Nxg5 hxg5 31. Bc5 Qc7 32. h3 Bh5 33. g4 Bg6 34. g3
a5 35. Bb6 Qc4 36. Bxa5 Qxa2 37. Rd8+ Rxd8 38. Bxd8 Qb1+ 39. Kf2 Bxe4 40. Ke2
Qc2+ 41. Qd2 Bf3+ 42. Ke1 Qb1+ 43. Kf2 Qh1 44. Qe3 Qg2+ 45. Ke1 Qxg3+ 46. Kf1
Qxh3+ 47. Kf2 Qg2+ 48. Ke1 Bxg4 0-1

[Event "2a. Categoria 2005"]
[Site "?"]
[Date "2005.??.??"]
[Round "?"]
[White "Pando T., Luis"]
[Black "Farias M., Hernan"]
[Result "1-0"]
[WhiteElo "1790"]
[BlackElo "1637"]
[PlyCount "87"]

1. e4 e5 2. Nf3 d6 3. d4 Nc6 4. dxe5 dxe5 5. Qxd8+ Kxd8 6. Bd2 Bd6 7. Nc3 f6 8.
O-O-O Be6 9. Bb5 Bd7 10. Be3 a6 11. Bxc6 Bxc6 12. Bc5 Ke7 13. Nd5+ Bxd5 14.
Bxd6+ cxd6 15. Rxd5 Nh6 16. h3 Nf7 17. Rhd1 Rhc8 18. b3 Rc6 19. Ne1 b5 20. Nd3
Rac8 21. Nb4 Rb6 22. Rxe5+ fxe5 23. Nd5+ Ke6 24. Nxb6 Rc6 25. Nd5 Ng5 26. f3
Kd7 27. Nb4 Rb6 28. Nd3 Ke7 29. Nb4 Kf7 30. Kb2 Ne6 31. Nd5 Rc6 32. c3 h6 33.
Ne3 g6 34. Ng4 h5 35. Ne3 Nf4 36. Rd2 Ke7 37. a3 Kd7 38. c4 bxc4 39. Nxc4 39...
Ne6 $2 40. Nxe5+ Kc7 41. Nxc6 Kxc6 42. Kc3 Kc5 43. g3 43... Ng5 $2 44. Rd5+ 1-0

[Event "2a. Categoria 2005"]
[Site "?"]
[Date "2005.??.??"]
[Round "?"]
[White "Rosales S., Duncan"]
[Black "Torres E., Rodolfo"]
[Result "0-1"]
[WhiteElo "1640"]
[BlackElo "1759"]
[PlyCount "120"]

1. e4 c5 2. Nc3 d6 3. Bc4 a6 4. f4 e6 5. Nf3 Nf6 6. e5 d5 7. Be2 Nfd7 8. Ng5 h6
9. Nf3 Be7 10. O-O Nc6 11. Ne1 Nd4 12. Bh5 g6 13. Bg4 b5 14. Nf3 Nb6 15. b3 b4
16. Ne2 Nf5 17. g3 d4 18. Ne1 Bb7 19. Bb2 Nd5 20. Bf3 Qc7 21. Ng2 Rd8 22. Nc1
Nc3 23. Qe1 Bxf3 24. Rxf3 Qc6 25. Rd3 Ne4 26. Qe2 c4 27. bxc4 Nc5 28. Qf3 $2
28... Qc7 29. Rb3 Nxb3 30. axb3 a5 31. Ne2 Bc5 32. Kf1 Bb6 33. Qe4 Qd7 34. g4
d3 35. cxd3 Nd4 36. Nh4 Nxe2 37. Kxe2 Bd4 38. Rb1 Bxb2 39. Rxb2 Qd4 40. Ra2
Qxe4+ 41. dxe4 Ra8 42. Nf3 Kd7 43. f5 Rhd8 44. d4 gxf5 45. exf5 Rg8 46. h3 h5
47. g5 exf5 48. Ke3 Ra6 49. Kf4 Rga8 50. Kxf5 $2 50... a4 51. bxa4 Rxa4 52.
Rxa4 Rxa4 53. Nd2 Ra2 54. Nb3 Rf2+ 55. Ke4 Rh2 56. d5 Rxh3 57. c5 $4 57... Rxb3
58. Kd4 Rc3 59. c6+ Kd8 60. d6 $2 60... Rxc6 0-1

[Event "2a. Categoria 2005"]
[Site "?"]
[Date "2005.??.??"]
[Round "?"]
[White "Guerra M., Simon"]
[Black "Iocco B., Pablo"]
[Result "0-1"]
[WhiteElo "1639"]
[BlackElo "1762"]
[PlyCount "116"]

1. e4 c5 2. Bc4 Nc6 3. Nf3 d6 4. h3 Nf6 5. Nc3 e6 6. O-O a6 7. a4 Be7 8. Re1
Nd7 9. d4 cxd4 10. Nxd4 Nce5 11. Be2 O-O 12. Be3 Nb6 13. b3 Qc7 14. Qd2 Bd7 15.
Na2 d5 16. f4 Nc6 17. e5 Nxd4 18. Bxd4 Rac8 19. Rac1 Bh4 20. Rf1 Bc6 21. Nb4
Be7 22. Nd3 Nd7 23. c4 Qb8 24. c5 Qa7 25. f5 exf5 26. Rxf5 Rfd8 27. Qf4 f6 28.
Rf1 Rf8 29. Qg4 fxe5 30. Rxf8+ Rxf8 31. Nxe5 Nxe5 32. Qe6+ Nf7 33. Qxe7 Qb8 34.
Bg4 Qe8 35. Qe6 Qxe6 36. Bxe6 h6 37. Be5 g5 38. Bd6 Be8 39. Bxd5 Kg7 40. Bxf8+
Kxf8 41. Bxb7 a5 42. c6 Ke7 43. c7 Nd6 44. Re1+ Kd7 45. Rxe8 Kxe8 46. c8=Q+
Nxc8 47. Bxc8 Kd8 48. Bf5 Kc7 49. b4 axb4 50. Kf2 Kb6 51. g4 b3 52. Kg3 Ka5 53.
Kf3 b2 54. Kg3 Kxa4 55. h4 gxh4+ 56. Kxh4 Ka3 57. Kh5 Ka2 58. Kxh6 Ka1 0-1

[Event "2a. Categoria 2005"]
[Site "?"]
[Date "2005.??.??"]
[Round "?"]
[White "Rosales V., Claudio"]
[Black "Montenegro B., Manuel"]
[Result "1-0"]
[WhiteElo "1739"]
[BlackElo "1718"]
[PlyCount "79"]

1. f4 Nf6 2. Nf3 e6 3. Nc3 d5 4. d4 a6 5. Be3 Nbd7 6. h3 c5 7. g4 Qb6 8. Rb1
Qa5 9. Bg2 b5 10. a3 Ne4 11. Bd2 Nxc3 12. Bxc3 b4 13. axb4 cxb4 14. Bd2 Rb8 15.
Ne5 Qc7 16. O-O Nb6 17. b3 Bd7 18. e4 Rc8 19. Nxd7 Qxd7 20. e5 g6 21. Rf2 Qa7
22. Bf1 Nd7 23. Be3 Be7 24. Bd3 f6 25. Qe2 a5 26. f5 exf5 27. e6 Nf8 28. gxf5
Qc7 29. Qg4 Rg8 30. Bh6 Bd6 31. Bxf8 Kxf8 32. fxg6 Qg7 33. Rbf1 Be7 34. Rg2 h6
35. Qf5 Rd8 36. h4 Rd6 37. h5 Ke8 38. Ra1 Bd8 39. Bb5+ Ke7 40. Rg3 1-0

[Event "2a. Categoria 2005"]
[Site "?"]
[Date "2005.??.??"]
[Round "?"]
[White "Torres E., Rodolfo"]
[Black "Guerra M., Simon"]
[Result "1-0"]
[WhiteElo "1759"]
[BlackElo "1639"]
[PlyCount "51"]

1. e4 e5 2. Nf3 Nc6 3. Bb5 d6 4. h3 Nf6 5. O-O Bd7 6. Re1 a6 7. Ba4 Be7 8. c3
O-O 9. d4 exd4 10. cxd4 b5 11. Bc2 h6 12. Nc3 Nh7 13. Nd5 Nf6 14. Qd3 14... g6
$2 15. Nxe7+ Qxe7 16. Bxh6 16... Nb4 $2 17. Bxf8 Qxf8 18. Qd2 Nxc2 19. Qxc2 c6
20. Rac1 Rc8 21. Qd2 Qg7 22. Qf4 d5 23. exd5 Nxd5 24. Qd6 f6 25. Rc5 25... Be8
$2 26. Qe6+ 1-0

[Event "2a. Categoria 2005"]
[Site "?"]
[Date "2005.??.??"]
[Round "?"]
[White "Retamales P., Esmir"]
[Black "Castillo F., Jenaro"]
[Result "0-1"]
[WhiteElo "1382"]
[BlackElo "1574"]
[PlyCount "66"]

1. d4 Nf6 2. Nd2 e6 3. Ngf3 Bb4 4. c3 Be7 5. e3 d5 6. Bd3 O-O 7. O-O c5 8. b3
Nc6 9. Bb2 a6 10. Qb1 b5 11. Ne5 Qd6 12. Nxc6 Qxc6 13. c4 dxc4 14. bxc4 Bb7 15.
f3 Rfd8 16. Qc2 bxc4 17. Nxc4 g6 18. Rab1 Nd5 19. Qb3 Rab8 20. e4 Nf4 21. Qc3
cxd4 22. Qd2 Nxd3 23. Qxd3 Bf6 24. e5 Bg5 25. Bxd4 Qd5 26. Rfd1 a5 27. Qc3 Rbc8
28. Bb6 Rxc4 29. Rxd5 Rxc3 30. Bxd8 Be3+ 31. Kf1 Bxd5 32. Rb8 Bc4+ 33. Ke1 Rc1#
0-1

[Event "2a. Categoria 2005"]
[Site "?"]
[Date "2005.??.??"]
[Round "?"]
[White "Munoz C., Pedro"]
[Black "Arevalo S., Felipe"]
[Result "0-1"]
[WhiteElo "1778"]
[BlackElo "1578"]
[PlyCount "100"]

1. e4 c5 2. Nf3 d6 3. c3 Nf6 4. e5 dxe5 5. Bb5+ Bd7 6. Qe2 a6 7. Bxd7+ Nbxd7 8.
Nxe5 Nxe5 9. Qxe5 e6 10. O-O Qd5 11. Qxd5 Nxd5 12. Na3 b5 13. Nc2 Bd6 14. d4
cxd4 15. Nxd4 O-O 16. Bd2 Rac8 17. f4 Rfe8 18. Rad1 b4 19. Rc1 Rc7 20. cxb4
Rxc1 21. Rxc1 Bxf4 22. Bxf4 Nxf4 23. Kf1 Nd3 24. Rc6 Nxb4 25. Rb6 Nxa2 26. Nc6
Ra8 27. Ke2 h6 28. Kd2 a5 29. Kc2 g6 30. Kb1 Nb4 31. Nxb4 axb4 32. Rxb4 f5 33.
Rb6 Kf7 34. b4 e5 35. Kc2 e4 36. Kd2 f4 37. Rb7+ Kf6 38. Rb6+ Kg5 39. Rb5+ Kg4
40. Rb6 Ra2+ 41. Ke1 Rxg2 42. Rxg6+ Kf3 43. Rxh6 e3 44. Rh3+ Kg4 45. Rh8 e2 46.
b5 Kf3 47. Rh3+ Ke4 48. b6 f3 49. Rg3 Rxg3 50. hxg3 Ke3 0-1

[Event "2a. Categoria 2005"]
[Site "?"]
[Date "2005.??.??"]
[Round "?"]
[White "Iocco B., Pablo"]
[Black "Farias M., Hernan"]
[Result "0-1"]
[WhiteElo "1762"]
[BlackElo "1637"]
[PlyCount "108"]

1. e4 e5 2. Nf3 d6 3. Bc4 Be7 4. O-O Nf6 5. Re1 O-O 6. c3 Bg4 7. d4 Nc6 8. d5
Na5 9. Bf1 b6 10. Bg5 Bc8 11. c4 Nb7 12. Nc3 Nc5 13. b4 Na6 14. a3 Nb8 15. Bd3
Nh5 16. Be3 Nf6 17. h3 Ne8 18. Ne2 f5 19. exf5 Bxf5 20. Ng3 Bxd3 21. Qxd3 Nf6
22. Nh4 Rf7 23. Nhf5 Bf8 24. Bg5 Nbd7 25. h4 Qe8 26. h5 h6 27. Bxh6 $2 27...
gxh6 28. Qe3 Rh7 29. f4 Ng4 30. Qf3 Ngf6 31. Nh4 Qf7 32. Ng6 Bg7 33. fxe5 Nxe5
34. Nxe5 dxe5 35. Nf5 Nxh5 36. Rf1 Nf4 37. g3 Qxf5 38. gxf4 Rf8 39. d6 Qg6+ 40.
Kh2 cxd6 41. Qd5+ Kh8 42. fxe5 Bxe5+ 43. Qxe5+ dxe5 44. Rxf8+ Kg7 45. Raf1 Qh5+
46. Kg2 Qg4+ 47. Kh2 Qh4+ 48. Kg2 Qe4+ 49. Kh2 Kg6 50. Rg8+ Kh5 51. Rg3 Rd7 52.
Rh3+ Kg6 53. Rg3+ Kh7 54. Rf2 Rg7 0-1

[Event "2a. Categoria 2005"]
[Site "?"]
[Date "2005.??.??"]
[Round "?"]
[White "Farias M., Hernan"]
[Black "Torres E., Rodolfo"]
[Result "0-1"]
[WhiteElo "1637"]
[BlackElo "1759"]
[PlyCount "90"]

1. e4 c5 2. Nc3 d6 3. d3 Nc6 4. g3 Nf6 5. Bg2 e6 6. f4 Bd7 7. Nf3 a6 8. O-O b5
9. Be3 Ng4 10. Bd2 Qb6 11. Kh1 Be7 12. Qe2 O-O 13. Ng5 Nf6 14. e5 Nd4 15. Qd1
Nd5 16. Nxd5 exd5 17. Bxd5 Bc6 18. Be4 Bxg5 19. fxg5 Bxe4+ 20. dxe4 dxe5 21. c3
Ne6 22. Qg4 Rad8 23. Be3 Qc6 24. Kg1 Rd3 25. Rae1 c4 26. Rf5 Qd6 27. Kg2 Rd8
28. Rf2 Nf8 29. h4 Rd1 30. Ref1 Rxf1 31. Rxf1 Qd7 32. Qf3 Qe6 33. g4 Ng6 34.
Kg3 Rd3 35. Qe2 Nf4 36. Rxf4 $2 36... exf4+ 37. Kxf4 Qd6+ 38. e5 Qd5 39. Bd4
Qh1 40. Bf2 Qd1 41. Qe4 Qd2+ 42. Be3 Qh2+ 43. Kf5 g6+ 44. Kf6 Rd8 45. Ke7 Rf8
0-1

[Event "2a. Categoria 2005"]
[Site "?"]
[Date "2005.??.??"]
[Round "?"]
[White "Arevalo S., Felipe"]
[Black "Rosales V., Claudio"]
[Result "1-0"]
[WhiteElo "1578"]
[BlackElo "1739"]
[PlyCount "67"]

1. e4 e6 2. d4 Bb4+ 3. c3 Ba5 4. f4 d5 5. e5 Nc6 6. Nf3 h6 7. a4 a6 8. b4 Bb6
9. Bd3 Bd7 10. O-O a5 11. b5 Na7 12. Ba3 c6 13. Qb3 Ne7 14. Nbd2 O-O 15. Rab1
Rb8 16. Bd6 16... Bc7 $2 17. Bxc7 Qxc7 18. b6 Qd8 19. bxa7 Ra8 20. Qxb7 Nf5 21.
Bxf5 exf5 22. Rb2 g5 23. fxg5 hxg5 24. Nxg5 Kg7 25. e6 $1 25... Qxg5 26. exd7
Qe3+ 27. Kh1 Rh8 28. Qc7 Qxc3 29. Rb8 Qxd2 30. d8=Q Rxd8 31. Rxd8 Qd3 32. Rg1
f4 33. Rxa8 f3 34. Qg3+ 1-0

[Event "2a. Categoria 2005"]
[Site "?"]
[Date "2005.??.??"]
[Round "?"]
[White "Rosales S., Duncan"]
[Black "Zerega R., Manuel"]
[Result "0-1"]
[WhiteElo "1640"]
[BlackElo "1757"]
[PlyCount "67"]

1. e4 e6 2. d4 d5 3. exd5 exd5 4. Bf4 Nf6 5. Bd3 Nc6 6. Ne2 Bd6 7. Qd2 Nb4 8.
Bb5+ c6 9. Ba4 O-O 10. Nbc3 a5 11. Bb3 Re8 12. a3 Na6 13. O-O b5 14. Nd1 a4 15.
Ba2 Bf5 16. Ne3 Ne4 17. Qd1 Bxf4 18. Nxf5 Qg5 19. Nxf4 Qxf4 20. Ne3 Re6 21. c3
Rae8 22. Nc2 Rh6 23. g3 Qf5 24. f3 Qh3 25. Qe2 Nf6 26. Qf2 Nc7 27. Rae1 Rg6 28.
Ne3 Nd7 29. Bb1 Rf6 30. g4 Ne6 31. Qg2 Qxg2+ 32. Kxg2 Nf4+ 33. Kg3 g5 34. Nf5
0-1

[Event "2a. Categoria 2005"]
[Site "?"]
[Date "2005.??.??"]
[Round "?"]
[White "Guerra M., Simon"]
[Black "Espinoza V., Dagoberto"]
[Result "1-0"]
[WhiteElo "1639"]
[BlackElo "1758"]
[PlyCount "55"]

1. e4 c5 2. c4 e6 3. Nc3 Nc6 4. Nf3 Nf6 5. Be2 Qc7 6. O-O a6 7. h3 d6 8. b3 Be7
9. d4 cxd4 10. Nxd4 O-O 11. Be3 Bd7 12. f4 e5 13. fxe5 dxe5 14. Nf5 Bxf5 15.
Rxf5 b6 16. Rc1 Rad8 17. Qf1 Bc5 18. Bxc5 bxc5 19. Nd5 Nxd5 20. cxd5 Nd4 21.
Rf2 Nxe2+ 22. Qxe2 a5 23. Qb5 Rc8 24. Rcc2 Qa7 25. Kh1 f5 26. Rxf5 Rxf5 27.
exf5 h6 28. d6 1-0

[Event "2a. Categoria 2005"]
[Site "?"]
[Date "2005.??.??"]
[Round "?"]
[White "Espinoza V., Dagoberto"]
[Black "Rosales S., Duncan"]
[Result "0-1"]
[WhiteElo "1758"]
[BlackElo "1640"]
[PlyCount "84"]

1. d4 d5 2. c4 c5 3. Nf3 cxd4 4. Nxd4 e5 5. Nb5 a6 6. N5c3 d4 7. Ne4 Bf5 8. Ng3
Bg6 9. a3 Bc5 10. Nd2 f5 11. Nb3 Bb6 12. e3 dxe3 13. Qxd8+ Kxd8 14. c5 exf2+
15. Kxf2 Ba7 16. Bc4 f4 17. Rd1+ Nd7 18. Ne2 Ngf6 19. Kf1 Rf8 20. Be6 Bf7 21.
Bxf7 Rxf7 22. Na5 Ng4 23. b4 Ne3+ 24. Bxe3 fxe3+ 25. Kg1 Kc7 26. Rd6 Raf8 27.
Rd3 Kb8 28. Ng3 b6 29. Rd5 bxc5 30. bxc5 Nf6 31. Rxe5 Kc7 32. Rd1 Ng4 33. Re4
$2 33... Nf2 34. Red4 Nxd1 35. Rxd1 Rf2 36. Nb3 Kc6 37. Re1 Rb2 38. Nd4+ Kd5
39. Ndf5 Bxc5 40. h3 g6 41. Nxe3+ Bxe3+ 42. Rxe3 Rff2 0-1

[Event "2a. Categoria 2005"]
[Site "?"]
[Date "2005.??.??"]
[Round "?"]
[White "Velasco B., Carlos"]
[Black "Pando T., Luis"]
[Result "1-0"]
[WhiteElo "1695"]
[BlackElo "1790"]
[PlyCount "129"]

1. e4 e5 2. Bc4 c6 3. c3 Nf6 4. d3 d5 5. exd5 cxd5 6. Bb3 Bg4 7. f3 Bf5 8. Be3
Nc6 9. Ne2 Bd6 10. Bc2 Qc7 11. Nd2 O-O 12. Bf2 Rfe8 13. Ng3 Bg6 14. O-O Nh5 15.
Nxh5 Bxh5 16. Bg3 f5 17. Bb3 Bf7 18. Re1 Bc5+ 19. Kh1 f4 20. Bh4 Be6 21. Re2
Qf7 22. Bf2 Bxf2 23. Rxf2 Rad8 24. Qe2 d4 25. c4 Kh8 26. a3 Qg6 27. Bc2 Bf5 28.
b4 Qh5 29. Ne4 Bxe4 30. fxe4 Qg5 31. Rf3 Re6 32. Rh3 Rg6 33. Rf1 Ne7 34. Bd1
Ng8 35. Rh5 Qf6 36. Rf5 Qe7 37. Qh5 Re8 38. Qh3 Rh6 39. Rh5 Rxh5 40. Qxh5 Rf8
41. Rf3 Rf6 42. Rh3 Rh6 43. Qg4 43... Rg6 $2 44. Qf5 $2 44... Qg5 45. Qxg5 Rxg5
46. Rf3 Nh6 47. h3 Rg6 48. a4 Rf6 49. Bb3 Nf7 50. Kg1 Rg6 51. Rf1 Ng5 52. Kf2
Ne6 53. c5 Nc7 54. b5 b6 55. c6 Rg3 56. Bc4 56... g6 $2 57. Ra1 Kg7 58. a5
58... bxa5 $2 59. Rxa5 Kf6 60. Rxa7 Ne6 61. c7 Nc5 62. Ra3 Nxe4+ 63. dxe4 Rxa3
64. c8=Q Rc3 65. Qe6+ 1-0